000 00715nam a2200253 a 4500
001 BRCA_4750
005 20190320204804.0
008 071010s1934----mx-a######---#000-0#spa-#
041 _aspa
044 _amx
050 4 _aND1312
_b.M65 1934
100 1 _aMontenegro, Roberto
_912015
245 1 0 _aPintura mexicana
_b1800-1860
_cRoberto Montenegro.
250 _a2
260 _aMéxico
_bSEP ; Oficinas de Publicaciones y Prensa
_c1934
300 _a19 p.
_bil., 67 láminas
_c27 cm.
500 _aD91
546 _aTexto en: español e inglés
650 1 4 _aRetratos mexicanos
_912016
650 1 4 _aPintura mexicana
_93715
650 1 4 _aPintura
_xHistoria
_zMéxico
_912017
902 _aGFM
942 _2lcc
_cB
999 _c4448
_d4448